Datum a čas kvízu
26
Celkem bodů
Celkový počet nahraných bodů na tomto kvízu bez doplňovacích otázek.
4.
Pořadí na kvízu
Konečné umístění týmu na tomto kvízu.
Zaznamenané odpovědi
| # | Otázka | Odpověď | Body | Výsledky |
|---|---|---|---|---|
| 1. | Bývalý fotbalista Tomáš Řepka... | 2,5 roku | 1 | |
| 2. | Bílý dům chtěl po americkém ná... | John McCain | 0 | |
| 3. | V úterý byly před zlínským Vel... | Helena Vondráčková, Jan Hrušínský | 0 | |
| 4. | Italsko-americká automobilka F... | Renault | 0 | |
| 5. | Fotbalový klub z Birminghamu s... | Aston Villa | 0 | |
| 6. | Začneme složením vzduchu. Že j... | 1D 2A 3B 4C | 0 | |
| 7. | Nedaleko jednoho středočeského... | Čáslav | 1 | |
| 8. | Že má tento přístroj něco spol... | anemometr | 1 | |
| 9. | Černé soustředné čáry na mapě... | hektopascal (hPa) | 1 | |
| 10. | Vítr je zjednodušeně řečeno po... | meteorismus | 0 |